000 00415nam a2200181Ia 4500
001 23737
005 20260414150957.0
008 260414t2006||||xx |||||||||||||| ||spa||
041 _aESP
082 _a701.05
_bT81
100 _aTribe, Mark
_eAUT
245 0 _aArte y nuevas tecnologĂ­as
_b
260 _c2006
300 _a95 páginas :
_ccm.
650 _aABD
654 _aCAU
942 _cLIB
_dJUS
_fJUS
_2ddc
_n
999 _c23737
_d23737